[Event "Ceske Budejovice op-B"]
[Site "Ceske Budejovice"]
[Date "2020.07.07"]
[Round "7"]
[White "Kanka, Lukas"]
[Black "Popov, Roman4444"]
[Result "1-0"]
[WhiteElo "1667"]
[BlackElo "1532"]
[PlyCount "45"]
[EventDate "2020.07.01"]
[EventType "swiss"]
[EventRounds "9"]
[EventCountry "CZE"]
[SourceTitle "CBM 197 Extra"]
[Source "ChessBase"]
[SourceDate "2020.09.30"]
[SourceVersion "1"]
[SourceVersionDate "2020.09.30"]
[SourceQuality "1"]

1. e4 c6 2. d4 d5 3. Nc3 dxe4 4. Nxe4 Bf5 5. Ng3 Bg6 6. h4 h6 7. Bc4 e6 8. N1e2 Nf6 9. Nf4 Bh7 10. 0-0 Bd6 11. Ngh5 0-0 12. Re1 Nxh5 13. Nxh5 Qxh4 14. g3 Qd8 15. Qg4 Bg6 16. Bxh6 gxh6 17. Rxe6 Kh8 18. Rf6 Kh7 19. Bxf7 Bxh5 20. Qf5+ Kg7 21. Rg6+ Kh8 22. Rxh6+ Kg7 23. Rg6+ 1-0